Statistics for Top 10 College Football Programs Of All Time

Click here to take the quiz!

General Stats

  • This quiz has been taken 122 times
  • The average score is 8 of 10

Answer Stats

HintAnswer% Correct
7Alabama
98%
6Michigan
89%
2Ohio State
85%
8Texas
83%
3USC
82%
1Oklahoma
81%
5Notre Dame
77%
9Florida State
66%
4Nebraska
65%
10Penn State
61%

Score Distribution

Percentile by Number Answered

Percent of People with Each Score

Your Score History

You have not taken this quiz